000 00588nam a2200181Ia 4500
008 090124s9999 xx 000 0 und d
082 _b132210
100 _aसप्रे मधुवंती
245 _a बारा घरच्या बाराजणी
250 _a1
260 _c2004
300 _a211
600 _aसप्रे मधुवंती
630 _a बारा घरच्या बाराजणी
700 _aसप्रे मधुवंती
730 _a बारा घरच्या बाराजणी
942 _cBOOK
999 _c178299
_d178299